| 000 | 00412nam a2200133Ia 4500 | ||
|---|---|---|---|
| 008 | 211109s9999||||xx |||||||||||||| ||und|| | ||
| 082 |
_a891.431 _bSHA-B |
||
| 100 | _aSharma, Krishna Dev | ||
| 245 | 0 | _aBharathiya Abe Paschathya Kabya-Sasthre | |
| 260 |
_bVinode Pustaka Manthir _aAgra _c1993 |
||
| 630 | _xGeneral stack | ||
| 650 |
_aHindi literature _vHindi poetry _xLiterature & rhetoricGeneralia |
||
| 942 | _cBOOK | ||
| 999 |
_c48350 _d48350 |
||